The Cambridge natural history / (Record no. 37289)
[ view plain ]
| 000 -LEADER | |
|---|---|
| fixed length control field | 01346nam a22002651a 4500 |
| 001 - CONTROL NUMBER | |
| control field | 37289 |
| 003 - CONTROL NUMBER IDENTIFIER | |
| rucl marc code | BD-RjUL |
| 005 - DATE AND TIME OF LATEST TRANSACTION | |
| control field | 20211209052609.0 |
| 008 - FIXED-LENGTH DATA ELEMENTS--GENERAL INFORMATION | |
| fixed length control field | 141123r19681896enk 0 eng d |
| 035 ## - SYSTEM CONTROL NUMBER | |
| System control number | (BD-RjUL)37392 |
| System control number | 849429 |
| 040 ## - CATALOGING SOURCE | |
| Original cataloging agency | NUN |
| Language of cataloging | eng |
| Transcribing agency | NUN |
| Modifying agency | AK |
| -- | BD-RjUL |
| 041 ## - LANGUAGE CODE | |
| Language code of text/sound track or separate title | eng |
| 082 04 - DEWEY DECIMAL CLASSIFICATION NUMBER | |
| Classification number | 591 |
| Author mark and year | CAM 1968 |
| 245 04 - TITLE STATEMENT | |
| Title | The Cambridge natural history / |
| Statement of responsibility, etc. | by S.F.Harmer and A.E.Shipley. |
| Number of part/section of a work | Volume II, |
| Name of part/section of a work | FLatworms and Mesozoa |
| 260 ## - PUBLICATION, DISTRIBUTION, ETC. (IMPRINT) | |
| Place of publication, distribution, etc. | Codicote, Eng. : |
| Name of publisher, distributor, etc. | Wheldon & Wesley, |
| Date of publication, distribution, etc. | 1896 [Reprint 1968] |
| 300 ## - PHYSICAL DESCRIPTION | |
| Pagination | xii, 560 p.: |
| Illustrations | ill.; |
| Size | 24 cm. |
| 500 ## - GENERAL NOTE | |
| General note | Reprint of ed. first pub. 1895-1906. |
| General note | Includes index. |
| 505 0# - FORMATTED CONTENTS NOTE | |
| Formatted contents note | Vol.1, Protozoa, porifera, coelenterata and ctenophora and echinodermata. Vol.2, Flatworms and mesozoa, nemertines, rotifers, thread-worms, sagitta, gephyrea and phoronis, earthworms and leeches, polychaet worms and polyzoa. Vol.3, Molluscs and brachiopods. Vol.4, Crustacea, trilobites and eurypterida, introduction to arachnida, king-crabs, tardigrada (water-bears) and pentastohida, scorpions, spiders, mites, ticks, etc., pycnogonida. Vol.5, Peripatus, myriapods, insects pt.1. Vol. |
| 650 #0 - SUBJECT ADDED ENTRY--TOPICAL TERM | |
| Topical term or geographic name as entry element | Zoology. |
| 9 (RLIN) | 114277 |
| 700 1# - ADDED ENTRY--PERSONAL NAME | |
| Personal name | Shipley, A. E. |
| Fuller form of name | (Arthur Everett), |
| Dates associated with a name | 1861-1927. |
| Personal name | Harmer, S. F. |
| Fuller form of name | (Sidney Frederic), |
| Dates associated with a name | 1862- |
| 942 ## - ADDED ENTRY ELEMENTS (KOHA) | |
| Source of classification or shelving scheme | Dewey Decimal Classification |
| Koha item type | Books |
| Lost status | Source of classification or shelving scheme | Damaged status | Not for loan | Collection code | Permanent Location | Current Location | Shelving location | Date acquired | Source of acquisition | Total Checkouts | Full call number | Date last seen | Copy number | Koha item type |
|---|---|---|---|---|---|---|---|---|---|---|---|---|---|---|
| Dewey Decimal Classification | Not For Loan | Non-fiction | Institute of Biological Sciences (IBSc) Library | Institute of Biological Sciences (IBSc) Library | 23/11/2014 | British Council | 591 CAM 1968 | 23/11/2014 | C-1 | Books |